| 000 | 00946nam a2200277 i 4500 | ||
|---|---|---|---|
| 001 | 000010466 | ||
| 003 | DO-SdBNP | ||
| 005 | 20250204073951.0 | ||
| 007 | ta | ||
| 008 | 091007s1986 dr a 000 p spa d | ||
| 040 |
_aDO-SdBNP _bspa _cBNPHU _erda |
||
| 082 | 4 |
_aRD861.44 _bL864e _222 |
|
| 100 | 1 |
_aLópez, Francisco, _925470 _eautor |
|
| 245 | 1 | 0 |
_aEstampas del camino : _bpoemas / _cFrancisco López ; presentación, Mariano Lebrón Saviñón. |
| 264 |
_aSanto Domingo : _bImpresora La Isabela, _c1986. |
||
| 300 |
_a72 páginas : _bilustraciones ; _c21 cm. |
||
| 336 |
_2rdacontent _atexto _btxt |
||
| 337 |
_2rdamedia _asin mediación _bn |
||
| 338 |
_2rdacarrier _avolumen _bnc |
||
| 590 | _aInventariado, 2018/LP | ||
| 650 | 4 |
_aPoesía dominicana _966 |
|
| 650 | 0 |
_aLiteratura dominicana. _967 |
|
| 700 | 1 |
_aLebrón Saviñon, Mariano _d1922-2014 _epresentación _97227 |
|
| 910 | _aValidado. Control de calidad. MMOLINA | ||
| 942 |
_2ddc _cLBS1 |
||
| 999 |
_c10225 _d10225 |
||